000 00312nam a22001337a 4500
003 SGT
082 _a954.01
_bT11R
100 _aRUSSELL, R.V.
245 _aTRIBES AND CASTES OF THE CENTRAL PROVINANCES OF INDIA
260 _aINDIA
_bCOSMO
_c1911
300 _a589
650 _aINDIAN HISTORY
942 _2ddc
_cBK
999 _c26282
_d26282